000 00434nam a2200181Ia 4500
001 10562
005 20260306161841.0
008 260306t1986||||xx |||||||||||||| ||spa||
041 _aESP
082 _a940.28
_bH433
100 _aHeers, Marie-Louise
_eAUT
245 0 _aEl mundo contemporáneo (1848-1914)
260 _c1986
300 _a239 páginas :
_c20 cm.
650 _aGEN
654 _aCHU
942 _cLIB
_dJUS
_fJUS
_2ddc
_n
999 _c10562
_d10562